000 00605nam a2200229Ia 4500
003 OSt
005 20220924145544.0
006 a|||||r|||| 00| 0
007 ta
008 220923b |||||||| |||| 00| 0 per d
024 _a329320
037 _cTextual
040 _aARTS
_cARTS
_bper
041 _2per
_aper
082 _aP591, 164E0
100 _aKhan Mirza Mohammad Mehdi Au.
_9220049
245 0 _aMubaniul lughat
260 _c1910
650 _aEUROPEAN LITERATURE
_917206
942 _hP591, 164E0
_cTEXL
_2CC
999 _c460479
_d460479